000 00242nam a2200097Ia 4500
001 649591
005 20250826153744.0
008 250824s9999 xx 000 0 und d
245 0 _aBilime Giriş Ay ve Gelgitler
260 _bTÜBİTAK YAYINLARI
999 _c649591
_d649591